LEADER 01643nam 2200517 450 001 9910155193003321 005 20230725045224.0 010 $a2-296-82435-8 010 $a2-296-46847-0 035 $a(CKB)3230000000227431 035 $a(SSID)ssj0000718631 035 $a(PQKBManifestationID)12277777 035 $a(PQKBTitleCode)TC0000718631 035 $a(PQKBWorkID)10744290 035 $a(PQKB)11787814 035 $a(MiAaPQ)EBC6150302 035 $a(EXLCZ)993230000000227431 100 $a20200703d2011 uy 0 101 0 $afre 135 $aurcnu|||||||| 181 $ctxt 182 $cc 183 $acr 200 13$aLe roman initiatique gabonais /$fJean Le?onard Nguema Ondo ; pre?face de Jacques Chevrier 210 1$aParis :$cL'Harmattan,$d[2011] 210 4$dİ2011 215 $a1 online resource (238 pages) 225 1 $aCritiques litte?raires 300 $aBibliographic Level Mode of Issuance: Monograph 311 $a2-296-56451-8 320 $aIncludes bibliographical references (pages [229]-235). 410 0$aCritiques litte?raires. 606 $aGabonese fiction (French)$xHistory and criticism 606 $aBildungsromans$xHistory and criticism 615 0$aGabonese fiction (French)$xHistory and criticism. 615 0$aBildungsromans$xHistory and criticism. 676 $a840.99287096721 700 $aNguema Ondo$b Jean Le?onard$01240574 702 $aChevrier$b Jacques 801 0$bMiAaPQ 801 1$bMiAaPQ 801 2$bMiAaPQ 906 $aBOOK 912 $a9910155193003321 996 $aLe roman initiatique gabonais$92878107 997 $aUNINA LEADER 02685oam 2200733 450 001 9910711503003321 005 20190325135858.0 035 $a(CKB)5470000002485026 035 $a(OCoLC)1076361458 035 $a(EXLCZ)995470000002485026 100 $a20181127d2018 ua 0 101 0 $aeng 135 $aurbn||||a|||| 181 $ctxt$2rdacontent 182 $cc$2rdamedia 183 $acr$2rdacarrier 200 10$aExamining a constitutional amendment to restore democracy to the American people $ehearing before the Committee on the Judiciary, United States Senate, One Hundred Thirteenth Congress, second session, June 3, 2014 210 1$aWashington :$cU.S. Government Publishing Office,$d2018. 215 $a1 online resource (iv, 163 pages) 225 1 $aS. hrg. ;$v113-889 300 $a"Serial no. J-113-62" 320 $aIncludes bibliographical references. 517 $aExamining a constitutional amendment to restore democracy to the American people 606 $aCampaign funds$zUnited States 606 $aPolitical questions and judicial power$zUnited States 606 $aPolitical action committees$zUnited States 606 $aCorporate speech$zUnited States 606 $aElection law$zUnited States 606 $aConstitutional amendments$zUnited States 606 $aPolitical corruption$zUnited States$xPrevention 606 $aCampaign funds$2fast 606 $aConstitutional amendments$2fast 606 $aCorporate speech$2fast 606 $aElection law$2fast 606 $aPolitical action committees$2fast 606 $aPolitical corruption$xPrevention$2fast 606 $aPolitical questions and judicial power$2fast 607 $aUnited States$2fast 608 $aLegislative hearings.$2lcgft 608 $aLegislative hearings.$2fast 615 0$aCampaign funds 615 0$aPolitical questions and judicial power 615 0$aPolitical action committees 615 0$aCorporate speech 615 0$aElection law 615 0$aConstitutional amendments 615 0$aPolitical corruption$xPrevention. 615 7$aCampaign funds. 615 7$aConstitutional amendments. 615 7$aCorporate speech. 615 7$aElection law. 615 7$aPolitical action committees. 615 7$aPolitical corruption$xPrevention. 615 7$aPolitical questions and judicial power. 801 0$bGPO 801 1$bGPO 801 2$bGPO 801 2$bMERUC 801 2$bOCLCF 801 2$bGPO 906 $aBOOK 912 $a9910711503003321 996 $aExamining a constitutional amendment to restore democracy to the American people$93491744 997 $aUNINA